| 000 | 01126nam0a22002891 4500 | ||
|---|---|---|---|
| 001 | rc\4857113 | ||
| 005 | 20240426135025.0 | ||
| 021 |
_aRU _b[61-28147] |
||
| 035 | _a(NLR Aleph) 008817206 | ||
| 090 |
_a8198978 _c8198978 |
||
| 100 | _a20130426d1961 |||y0rusy50 ca | ||
| 101 | 0 | _arus | |
| 102 | _aRU | ||
| 105 | _aa z |||c| | ||
| 200 | 1 |
_aВасилий Федорович Ошанин _e[Энтомолог и путешественник. 1844-1917] _eОчерки жизни и деятельности |
|
| 210 |
_aМосква _cГеографгиз _d1961 |
||
| 215 |
_a95 с. _cил. _d20 |
||
| 320 | _aСписок печ. трудов В.Ф. Ошанина: с. 89-94 (81 назв.) | ||
| 700 | 1 |
_aОшанин _bЛ. В. _f1884-1962 _gЛев Васильевич _3RU\NLR\AUTH\770267665 _4070 |
|
| 701 | 1 |
_aАзатьян _bА. А. _gАрмен Аршавирович |
|
| 702 | 1 |
_aОшанин _bВ. Ф. _f1844-1917 _gВасилий Федорович _3RU\NLR\AUTH\770267656 _4570 |
|
| 801 | 0 |
_aRU _bNLR _gpsbo |
|
| 801 | 1 |
_aRU _bELAR _2rusmarc |
|
| 852 |
_aNLR _j61-4/6415 |
||
| 942 | _cBOOK | ||
| 980 | _aNB | ||